LEADER 01205nam a2200193 i 4500 001 000000242362 003 CaOOAMICUS 005 20150604000000.0 008 150604s1780 it u000 u ita u 013 $a221267 026 $ao,di uera 6.e- (ach (3) 1780 (R) 040 $aSeMil$bita 245 10$aChe contiene la Confutazione del Catechismo del sig. Paolo Ferry: Le meditazioni sopra la remissione de' peccati nel tempo del Giubbileo; e le Memorie, o lettere di monsignor Bossuet a m. Brisacier. 300 $a[8], 427, [5] p. 500 $aSegn. : a4 A-2D8. 773 0 $aBossuet, Jacques-Bénigne $tOpere di monsignor Jacopo-Benigno Bossuet, vescovo di Meaux, consigliere del re ne' suoi consigli, ... Tomo 1. [-36.].$dIn Napoli : nella Stamperia de' Fratelli di Paci : a spese di Andrea Migliaccio,, 1777-1784.$gTomo22$w()31977 850 $aSeMil 852 $aSeMil$W1$xVenegono$y1$m3F III 52 FA$j192708$B192708$CSeMilBibl$Z2$F203509 $8I 996 $6245$aChe contiene la Confutazione del Catechismo del sig. Paolo Ferry: Le meditazioni sopra la remissione de' peccati nel tempo del Giubbileo; e le Memorie, o lettere di monsignor Bossuet a m. Brisacier$9(OLS)http://semarc/title/344150 LEADER 01103nam a2200277 i 4500 001 000000081978 003 CaOOAMICUS 005 20180920105011.0 008 180712s2003 it u000 u ita u 013 $a54218 020 $a88-514-0150-0 040 $aSeMil$bita 100 1 $aSala, Giuseppe <1943- >.$0(OLS)http://semarc/name/91709 245 12$aI volti della Madre /$ctesti di Giuseppe Sala ; introduzione si Michele Dolz. 260 $aMilano :$bÀncora,$c2003. 300 $a251 p. :$bill. ;$c25 cm. 650 4$aMadonna - Arte.$0(OLS)http://semarc/subject/8132 650 4$aMadonna - Iconografia.$0(OLS)http://semarc/subject/7862 700 1 $aDolz, Michele,$d<1954- >.$0(OLS)http://semarc/name/46163 850 $aSeMil 852 $aSeMil$W1$xVenegono$y1$m5R IX 2$j220394$B47114$CSeMilBibl$Z2$F49577 $81 961 $aOmaggio: Crippa don Marco 996 $6020$a88-514-0150-0$9(OLS)http://semarc/number/271266 996 $6245$aI volti della Madre$9(OLS)http://semarc/title/404849 996 $6260$aMilano :$bÀncora$9(OLS)http://semarc/publisher/29763